Business Administration Reading Lists and Course Outlines

Na minha lista:
Detalhes bibliográficos
Formato: Livro
Idioma:inglês
Publicado em: Durham Eno River Press 1990
Tags: Adicionar Tag
Sem tags, seja o primeiro a adicionar uma tag!

MARC

LEADER 00000nam a2200000 4500
001 c035005
005 20250611141204.4
041 0 |a eng 
044 |a US 
245 1 0 |a Business Administration Reading Lists and Course Outlines 
264 1 |a Durham  |b Eno River Press  |c 1990 
300 |a 202 s.